00892nam a22002537a 45000010005000000030006000050050017000110080041000280200018000690400029000870500014001160820008001301000018001382450118001562600043002743000045003175050008003625200124003705210021004945210020005156500032005356500026005677000045005939630FISKH20260126161530.0260126b cb ||||| |||| 00| 0 eng d a9780812992182 aFISKHbengcFISKHdFISKH aG151 .P69 a910 aPotts , Rolf  aVagabonding :bAn uncommon guide to the art of long-term world travel / cBy Rolf Potts : Foreword by Tim Ferriss aNew York : bBallantine Books ,c2002. a211 pages : billustrations ; c20 cm .  aZ  a"Shows how anyone armed with an independent spirit can achieve the dream of extended overseas travel"--Page 4 of cover.8 a1050 bLexile 8 aZ bRaz-Plus  aTravel writingvNon-fiction aVagabondvNon-fiction aAbbate , Judith StagnittoeBook designer